APEC Schools

Storm chasers / (Record no. 7734)

000 -LEADER
fixed length control field nam a22 7a 4500
005 - DATE AND TIME OF LATEST TRANSACTION
control field 20190719011826.0
008 - FIXED-LENGTH DATA ELEMENTS--GENERAL INFORMATION
fixed length control field 190719b xxu||||| |||| 00| 0 eng d
020 ## - IDENTIFIER FOR THE MANIFESTATION
Identifier for the Manifestation 9789712729843
Binding paperback
040 ## - CATALOGING SOURCE
Language of Cataloging eng
Transcribing Agency APEC Schools Library
Description Conventions rda
082 ## - DEWEY DECIMAL CLASSIFICATION NUMBER
Classification number F 959.9
Author's Number Oc12s 2014
100 ## - CREATOR
Preferred Name of the Person Ocampo, Ambeth R.
245 ## - TITLE AND STATEMENT OF RESPONSIBILITY
Preferred Title Proper Storm chasers /
Statement of Responsibility/Parallel Statement of Responsibility Ambeth R. Ocampo
264 ## - PUBLICATION STATEMENT
Place of publication, distribution, etc Mandaluyong City :
Publisher's Name/Parallel Publisher's Name Anvil Publishing House,
Copyright ©2014.
300 ## - PHYSICAL DESCRIPTION
Extent 98 pages :
Illustrative Content illustrations ;
336 ## - RDA CONTENT
Source rdacontent
Content Type text
337 ## - RDA MEDIA
Source rdamedia
Media Type unmediated
338 ## - RDA CARRIER
Source rdacarrier
Carrier Type volume
650 ## - ADDED SUBJECT ACCESS POINT - TOPICAL TERM
Topical Term History--Philippines.
942 ## - ADDED ENTRY ELEMENTS (KOHA)
Source of Classification
Koha Item Type Non Fiction
Holdings
Library Site Location Shelving Location Source of Acquisition Full Classification Number Accession Number Koha Item Type
APEC Bacoor Library APEC Bacoor Library Filipiniana Institutional Fund F 959.9 Oc12s 2014 B04-0000336 Non Fiction

Powered by Koha